000 01352nam a2200289Ia 4500
001 H9234
003 IT-RoPAU
008 130308s9999 xx 000 0 und d
040 _aIT-RoPAU
040 _cIT-RoPAU
041 _aITALIANO
100 _aMenegazzi Luigi
100 _gCodice Aut. SPICS: 3868
245 _aCima da Conegliano
245 _bCima da Conegliano
250 _a1a ed.
260 _a TREVISO
260 _bEdizioni Canova
260 _c1981 [1° Ed.:1981 - Ed.Ling.Originale:1981]
300 _a"350 p. (prefazione: no ; testo: 350 [pagine: 0-0])"
500 _a"Vita e Opere. Disegni. fortuna Critica. Catalogo: Opere Documentate e Attribuite; Altre Opere Attribuite; Disegni Attribuiti; Altri Disegni Attribuiti. Bibliografia. 225 Illustrazioni in bianco e Nero e 20 tavole a Colori. Giovanni Battista cima da Conegliano Pur senza Essere una Figura di Primissimo piano Occupa a Venezia un Posto di Grande rilievo Accanto Ai Poittori Come Giovanni Bellini e I Vivarini. La Sua Personalità è Indagata dal Menegazzi in Base Alle Occasioni Fornite Dalla mostra del 1962 a Treviso, Attraverso la Piu' Attenta Rilettura di Tutte le Opere a Lui Attribuite e delle Fonti Bibliografiche."
650 _aAUTORI/OPERE DI PITTURA
650 _eCodice materia Spics: 5207
942 _cBK
957 _71
999 _c91189
_d91189
999 _g1